| 000 | 01350cam a2200373 i 4500 | ||
|---|---|---|---|
| 001 | 3695 | ||
| 003 | FISKH | ||
| 005 | 20240411153619.0 | ||
| 008 | 240411b cb ||||| |||| 00| 0 fre d | ||
| 010 | _a 2017355431 | ||
| 020 | _a9789996359804 | ||
| 040 |
_aDLC _beng _cDLC _erda _dDLC |
||
| 041 | 1 |
_aeng _hfre |
|
| 042 |
_alcode _apcc |
||
| 043 | _aa-cb--- | ||
| 050 | 0 | 0 |
_aDS554.44 _b.A43 2016 |
| 082 | _a959.6 | ||
| 100 | 1 |
_aAmat, Frédéric _d1968- _eauthor. |
|
| 240 | 1 | 0 | _aLa drôle de vie des expatriés au Cambodge. |
| 245 | 1 | 0 |
_aLa drôle de vie des expatriés au Cambodge / _cFrédéric Amat |
| 264 | 1 |
_aPhnom Penh, Cambodia : _bTuk Tuk Editions, _c2016. |
|
| 300 |
_a181 pages : _c20 cm |
||
| 336 |
_atext _btxt _2rdacontent |
||
| 337 |
_aunmediated _bn _2rdamedia |
||
| 338 |
_avolume _bnc _2rdacarrier |
||
| 500 | _aFrench under the title of La drôle de vie des expatriés au Cambodge. | ||
| 546 | _aEnglish translation of the author's original French work. | ||
| 650 | 0 |
_aNoncitizens _zCambodia _xSocial life and customs. |
|
| 650 | 0 |
_aFrench _zCambodia _xSocial life and customs. |
|
| 700 | 1 |
_aVachon, Michelle, _etranslator. |
|
| 906 |
_a7 _bcbc _corigres _d3 _encip _f20 _gy-gencatlg |
||
| 942 |
_2ddc _cBK _n0 |
||
| 999 |
_c3695 _d3695 |
||